000 00694nam a2200277 a 4500
003 AR-BaBNM
005 20251128210921.0
008 082120s2002 ||||||||||||||000 | spa||
020 _a84-7223-834-2
040 _cAR-BaBNM
100 1 _aMeyrink, Gustav
245 0 0 _aEl Golem
250 _a2ª ed.
260 _aBarcelona
_bTusquets Editores
_c1997
300 _a260 p.
490 0 _aFábula
_vv. 22
650 4 _aNOVELAS
650 4 _aLITERATURA CONTEMPORANEA
653 _aLITERATURA FANTASTICA
653 _aLITERATURA AUSTRIACA
655 _aLITERATURA
700 1 _aUngría, Celia
_etraductor
700 1 _aUngría, Alfonso
_etraductor
942 _cBK
998 _cMARTIN
999 _c17451
_d17451